00331nam a2200097Ia 450000500170000000800410001708200140005810000230007224501040009526400340019920251222144738.0251222s9999||||xx |||||||||||||| ||spa|| a287.7/G23 aGarcía C., Nury  0aNo digas soy un (a) muchacho (a)...¡Reflexiones y orientaciones para la pastoral con adolescentes! bConferencia Episcopal Peruana